Современное состояние и направления развития технологии машиностроения и приборостроения

Xehetasun bibliografikoak
Beste egile batzuk: Гаврилов А. Н. Анатолий Николаевич (редактор)
Hizkuntza:errusiera
Argitaratua: Москва, Машгиз, 1960
Gaiak:
Formatua: MixedMaterials Liburua
KOHA link:https://koha.lib.tpu.ru/cgi-bin/koha/opac-detail.pl?biblionumber=155602

MARC

LEADER 00000nam0a2200000 4500
001 155602
005 20231031152521.0
035 |a (RuTPU)RU\TPU\book\168780 
090 |a 155602 
100 |a 20090317d1960 km y0rusy50 ca 
101 0 |a rus 
102 |a RU 
105 |a a z 001zy 
200 1 |a Современное состояние и направления развития технологии машиностроения и приборостроения  |f под ред. А. Н. Гаврилова 
210 |a Москва  |c Машгиз  |d 1960 
215 |a 564 с.  |c ил. 
320 |a Библиография в конце глав. 
610 1 |a состояния 
610 1 |a технология 
610 1 |a машиностроение 
610 1 |a приборостроение 
675 |a 621.80  |v 3 
675 |a 681.2.002  |v 3 
702 1 |a Гаврилов  |b А. Н.  |g Анатолий Николаевич  |4 340 
801 1 |a RU  |b 63413507  |c 20090317  |g PSBO 
801 2 |a RU  |b 63413507  |c 20190317  |g PSBO 
942 |c BK